What is structural injustice? (Record no. 1309849)

MARC details
000 -LEADER
fixed length control field 01900nam a22003735i 4500
001 - CONTROL NUMBER
control field 23244675
005 - DATE AND TIME OF LATEST TRANSACTION
control field 20250430155352.0
008 - FIXED-LENGTH DATA ELEMENTS--GENERAL INFORMATION
fixed length control field 230726s2023 nyu 000 0 eng
010 ## - LIBRARY OF CONGRESS CONTROL NUMBER
LC control number 2023943245
020 ## - INTERNATIONAL STANDARD BOOK NUMBER
International Standard Book Number 9780198892878
037 ## - SOURCE OF ACQUISITION
Terms of availability TB
040 ## - CATALOGING SOURCE
Original cataloging agency AL
Language of cataloging eng
Description conventions rda
Transcribing agency AL
Modifying agency AL
041 ## - LANGUAGE CODE
Source of code eng
Language code of text/sound track or separate title eng
042 ## - AUTHENTICATION CODE
Authentication code pcc
084 ## - COLON CLASSIFICATION NUMBER
Classification number W:58(z) R4
Assigning agency AL
245 00 - TITLE STATEMENT
Title What is structural injustice?
260 ## - PUBLICATION, DISTRIBUTION, ETC.
Place of publication, distribution, etc. New York, USA:
Name of publisher, distributor, etc. Oxford University Press,
Date of publication, distribution, etc. 2024.
263 ## - PROJECTED PUBLICATION DATE
Projected publication date 2310
264 #1 - PRODUCTION, PUBLICATION, DISTRIBUTION, MANUFACTURE, AND COPYRIGHT NOTICE
Date of production, publication, distribution, manufacture, or copyright notice 2023.
300 ## - PHYSICAL DESCRIPTION
Extent vii, 285p. cm
336 ## - CONTENT TYPE
Content type term text
Content type code txt
Source rdacontent
337 ## - MEDIA TYPE
Media type term unmediated
Media type code n
Source rdamedia
338 ## - CARRIER TYPE
Carrier type term volume
Carrier type code nc
Source rdacarrier
365 ## - TRADE PRICE
Price amount 90.00
Currency code UKP
520 ## - SUMMARY, ETC.
Summary, etc. "An abstract is a short description of your longer piece of work and is used as a free layer of content discoverable online. An abstract should not attempt to summarise the whole work as it is also there to show readers whether or not reading further is warranted. It is used to allow people searching on the internet to see that they have encountered a worthwhile 'hit'. This will encourage them to read further by clicking through to the work in full. Keywords are index terms that capture the essence of the topics covered in a piece of work and are essential to improving ranking in search results. Abstracts and Keywords (A&K) combined are used to aid discovery of your content and to generate links across relevant content"--
Assigning source Provided by publisher.
650 ## - SUBJECT ADDED ENTRY--TOPICAL TERM
Topical term or geographic name entry element Political Science
650 ## - SUBJECT ADDED ENTRY--TOPICAL TERM
Topical term or geographic name entry element Equality
700 1# - ADDED ENTRY--PERSONAL NAME
Personal name Browne, Jude,
Relator term editor.
9 (RLIN) 315863
700 1# - ADDED ENTRY--PERSONAL NAME
Personal name McKeown, Maeve,
Relator term editor.
9 (RLIN) 753597
906 ## - LOCAL DATA ELEMENT F, LDF (RLIN)
a 0
b ibc
c orignew
d 2
e epcn
f 20
g y-gencatlg
942 ## - ADDED ENTRY ELEMENTS (KOHA)
Source of classification or shelving scheme Colon Classification (CC)
Koha item type Textbook
Classification part W:58(Z) R4
Suppress in OPAC No
Holdings
Withdrawn status Lost status Source of classification or shelving scheme Damaged status Not for loan Home library Current library Date acquired Source of acquisition Cost, normal purchase price Inventory number Total Checkouts Full call number Barcode Date last seen Date last checked out Price effective from Koha item type
    Colon Classification (CC)     Arts Library Arts Library 2025-04-30 Elite Publishers Distributors 90.00 15010 & 2024-12-06 2 W:58(Z) R4 AL1804164 2025-11-11 2025-10-09 2025-04-30 Textbook
Copyright @ Delhi University Library System